Responses for show #7758 - Wednesday, May 9, 2018

2018 Teachers Tournament quarterfinal game 3.

Contestants

[<< previous game]

Judy Tymkiw, an 8th grade English teacher from Fortescue, New Jersey

Scott Montanaro, a high school history and psychology teacher from Portland, Oregon

Mary Alice Korth, a 6th-12th grade choir teacher from Dowagiac, Michigan

[next game >>]

Jeopardy! Round responses

IN THE STATE MUSEUM
(Alex: You have to identify the state for us.)
PRONOUN TEST
DON'T GIVE UP THE RELATIONSHIP
DISNEY FACTS
VIRUSES
LET'S KNOT
    $200 1
North Carolina

Mary Alice
    $200 3
myself

Scott
    $200 21
Queen Elizabeth and Prince Philip

Judy
    $200 10
Fantasia

Mary Alice
    $200 26
a backdoor

Mary Alice
    $200 15
eight

Scott
    $400 2
Massachusetts

Judy
    $400 4
nothing

Judy
    $400 22
best friend

Scott
    $400 11
ABC

Judy
    $400 27
ransomware

Mary Alice
    $400 16
a Zeppelin bend

Judy
    $600 7
Texas

Mary Alice
    $600 5
either

Triple Stumper
    $600 23
Dr. Phil

Judy
    $600 12
Alice in Wonderland

Mary Alice
    $600 28
mosquito

Scott
    $600 17
a hitch

Triple Stumper
    $800 8
Louisiana

Triple Stumper
    $800 6
yours

Mary Alice
    $800 24
communication

Mary Alice
    $800 13
Robert Iger

Triple Stumper
    $800 29
norovirus

Scott
    $800 18
arborists

Judy
    $1,000 9
(Mary Alice: What is Louisiana?)

Tennessee

Mary Alice
    $1000 20
(Judy: What is this?)

which

Judy
Triple Stumper
    $1000 25
Harry Hamlin

Triple Stumper
    $1000 14
(Judy: Oh, my goodness.)

The Shaggy Dog

Judy
Triple Stumper
    $1000 30
Iran

Scott
    $1000 19
bowline

Triple Stumper

Scores at the first commercial break (after clue 15):

Mary Alice Scott Judy
$1,400 $400 $200

Scores at the end of the Jeopardy! Round:

Mary Alice Scott Judy
$2,800 $3,200 $1,200

Double Jeopardy! Round responses

CLASS OF 1918
PLANET EARTH
DIFFERS BY A VOWEL
LITERATURE IN SPANISH
POLITICAL TERMS
HI, MOM!
    $400 22
Mao

Scott
    $400 17
the Amazon rainforest

Mary Alice
    $400 12
(Judy: What is the... oh, gosh. Sorry.)

dance and dunce

Mary AliceJudy
    $400 1
(Mary Alice: What is Spain?)

Cuba

Mary AliceScott
    $400 11
the line

Mary Alice
    $400 6
a model

Judy
    $800 23
finishing school

Mary Alice
    $800 18
prairies

Mary Alice
    $800 13
prune and prone

Judy
    $800 2
library

Scott
    $2,000 25
grassroots

Judy
    $800 7
CBS This Morning

Triple Stumper
    $1200 24
Bewitched

Judy
    $1200 19
the magnetic field

Scott
    $1200 14
a loft and a lift

Mary Alice
    $1200 3
magical realism

Scott
    $1200 26
a pocketbook

Judy
    $1200 8
Diane Ladd

Triple Stumper
    $1600 29
Zelda Fitzgerald

Judy
    $1600 20
Tornado Alley

Mary Alice
    $1600 15
a furrow and a farrow

Judy
    $1600 4
picaresque

Scott
    $1600 27
cloture

Scott
    $1600 9
Ronan Farrow

Triple Stumper
    $2000 30
Aaron Copland

Mary Alice
    $2000 21
the wildebeest

Triple Stumper
    $2000 16
effect and affect

Mary Alice
    $500 5
Lima

Scott
    $2000 28
echo chamber

Scott
    $2000 10
(Judy: Who is... Rosanne Cash?)

June Carter Cash

ScottJudy

Scores at the end of the Double Jeopardy! Round:

Mary Alice Scott Judy
$12,000 $14,900 $7,600

Final Jeopardy! Round responses

OPERA
JudyWhat is William Tell?
$7,600
Mary AliceWhat is La W
$10,000
ScottWhat is the Magic Flute?
$500
William Tell

Final scores:

Mary Alice Scott Judy
$2,000 $14,400 $15,200
3rd place: $5,000 if eliminated 2nd place: $5,000 if eliminated Automatic semifinalist

Game dynamics:

Coryat scores:

Mary Alice Scott Judy
$13,000 $16,400 $6,400
17 R,
2 W
(including 1 DD)
16 R
(including 1 DD),
0 W
14 R
(including 1 DD),
4 W

Combined Coryat: $35,800

The J! Archive is created by fans, for fans. The Jeopardy! game show and all elements thereof, including but not limited to copyright and trademark thereto, are the property of Jeopardy Productions, Inc. and are protected under law. This website is not affiliated with, sponsored by, or operated by Jeopardy Productions, Inc. Join the discussion at JBoard.tv.